000 00982pam a2200265 a 4500
999 _c5240
_d5240
001 445044
003 GBCCL
005 20241126110536.0
008 820729s1983 ctua j e 001 0deng
010 _a 82048428
020 _a0717205142
040 _aDLC
_cDLC
_dDLC
042 _alcac
050 0 0 _aAG5
_b.B64 1983
082 0 0 _a031
_219
_bNEW
245 0 4 _aThe New book of knowledge.
260 _aDanbury, Conn. :
_bGrolier,
_cc1983.
300 _a21 v. :
_bill. (some col.) ;
_c27 cm.
500 _aIncludes indexes.
520 _aA twenty-one volume illustrated edition providing entries suitable for varied reading levels, with each volume containing an index cross-referenced to the contents of the entire set. Includes a comprehensive bibliography graded by reading level.
650 0 _aChildren's encyclopedias and dictionaries.
_99445
650 1 _aEncyclopedias and dictionaries.
_99428
906 _a7
_bcbc
_corignew
_d1
_eocip
_f19
_gy-gencatlg
942 _2ddc
_cREF